Sociology for human rights : (Record no. 29309)
[ view plain ]
| 000 -LEADER | |
|---|---|
| fixed length control field | 01527cam a2200349Ii 4500 |
| 001 - CONTROL NUMBER | |
| control field | om232957745 |
| 003 - CONTROL NUMBER IDENTIFIER | |
| control field | EG-ScBUE |
| 005 - DATE AND TIME OF LATEST TRANSACTION | |
| control field | 20210803103703.0 |
| 008 - FIXED-LENGTH DATA ELEMENTS--GENERAL INFORMATION | |
| fixed length control field | 190215s2020 nyu f b 000 0 eng d |
| 020 ## - INTERNATIONAL STANDARD BOOK NUMBER | |
| International Standard Book Number | 9780367257569 |
| 040 ## - CATALOGING SOURCE | |
| Original cataloging agency | YDX |
| Language of cataloging | eng |
| Description conventions | rda |
| Transcribing agency | YDX |
| Modifying agency | TJC |
| -- | OCLCF |
| -- | CHVBK |
| -- | OCLCO |
| -- | CNKUC |
| -- | EG-ScBUE |
| 082 04 - DEWEY DECIMAL CLASSIFICATION NUMBER | |
| Classification number | 303.372 |
| Item number | SOC |
| Edition number | 22 |
| 245 00 - TITLE STATEMENT | |
| Title | Sociology for human rights : |
| Remainder of title | approaches for applying theories and methods / |
| Statement of responsibility, etc | edited by David L. Brunsma, Keri E. Iyall Smith, Brian K. Gran. |
| 264 #1 - PUBLICATION, DISTRIBUTION, ETC. (IMPRINT) | |
| Place of publication, distribution, etc | New York ; |
| -- | London : |
| Name of publisher, distributor, etc | Routledge, |
| Date of publication, distribution, etc | 2020. |
| 300 ## - PHYSICAL DESCRIPTION | |
| Extent | v, 229 pages ; |
| Dimensions | 24 cm |
| 336 ## - CONTENT TYPE | |
| Content type term | text |
| Content type code | txt |
| Source | rdacontent |
| 337 ## - MEDIA TYPE | |
| Media type term | unmediated |
| Media type code | n |
| Source | rdamedia |
| 338 ## - CARRIER TYPE | |
| Carrier type term | volume |
| Carrier type code | nc |
| Source | rdacarrier |
| 504 ## - BIBLIOGRAPHY, ETC. NOTE | |
| Bibliography, etc | Includes bibliographical references. |
| 505 00 - FORMATTED CONTENTS NOTE | |
| Miscellaneous information | Introduction : |
| Title | Creating Knowledge About Human Rights Sociologically / |
| Statement of responsibility | David L. Brunsma, |
| -- | Keri E. Iyall Smith, |
| -- | Brian K. Gran -- |
| Title | Methodology / |
| Statement of responsibility | Amir B. Marvasti, |
| -- | Karyn D. McKinney |
| 650 #7 - SUBJECT ADDED ENTRY--TOPICAL TERM | |
| Topical term or geographic name as entry element | Human rights. |
| Source of heading or term | BUEsh |
| 650 #7 - SUBJECT ADDED ENTRY--TOPICAL TERM | |
| Topical term or geographic name as entry element | Social justice. |
| Source of heading or term | BUEsh |
| 650 #7 - SUBJECT ADDED ENTRY--TOPICAL TERM | |
| Topical term or geographic name as entry element | Sociology |
| General subdivision | Philosophy. |
| Source of heading or term | BUEsh |
| 653 ## - INDEX TERM--UNCONTROLLED | |
| Resource For college | Generalities |
| Arrived date list | August2021 |
| 655 ## - INDEX TERM--GENRE/FORM | |
| Form subdivision | Reading book |
| 9 (RLIN) | 34232 |
| 700 1# - ADDED ENTRY--PERSONAL NAME | |
| Personal name | Brunsma, David L., |
| Relator term | editor. |
| 700 1# - ADDED ENTRY--PERSONAL NAME | |
| Personal name | Iyall Smith, Keri E., |
| Dates associated with a name | 1973- |
| Relator term | editor. |
| 700 1# - ADDED ENTRY--PERSONAL NAME | |
| Personal name | Gran, Brian, |
| Dates associated with a name | 1963- |
| Relator term | editor. |
| 942 ## - ADDED ENTRY ELEMENTS (KOHA) | |
| Source of classification or shelving scheme | Dewey Decimal Classification |
| Koha item type | Book - Borrowing |
| 949 ## - LOCAL PROCESSING INFORMATION (OCLC) | |
| t | NONCIRC |
| l | _ULDEMAND |
| m | I-UNIVLIB |
| o | .PUBLIC. Books on Demand service for IUPUI University Library users only |
| -- | .PUBLIC. Click the “Get this for IUPUI” button to submit a request. |
| Withdrawn status | Lost status | Source of classification or shelving scheme | Damaged status | Not for loan | Collection code | Home library | Current library | Shelving location | Date acquired | Source of acquisition | Cost, normal purchase price | Serial Enumeration / chronology | Total Checkouts | Full call number | Barcode | Date last seen | Cost, replacement price | Price effective from | Koha item type |
|---|---|---|---|---|---|---|---|---|---|---|---|---|---|---|---|---|---|---|---|
| Dewey Decimal Classification | Academic Bookshop | Central Library | Central Library | First floor | 03/08/2021 | Purchase | 540.00 | 31174 | 303.372 SOC | 000050474 | 15/07/2025 | 675.00 | 03/08/2021 | Book - Borrowing |